00560nam a2200181Ia 4500008004100000020001800041050001600059100003100075245001900106245014100125245003400266260001000300260001300310260000900323300001600332300002000348300001000368170918s9999 xx 000 0 und d a9780547223254 bM974pr 2008 aMurdock, Catherine Gilbert aPrincess Ben : bbeing a wholly truthful account of her various discoveries and misadventures, recounted to the best of her recollection, in four parts / cby Catherine Gilbert Murdock. aUSA : bGraphia, c2008 a344 pages : billustrations ; c20cm.